| 000 | 00561nam a22001937a 4500 | ||
|---|---|---|---|
| 003 | OSt | ||
| 005 | 20140310182140.0 | ||
| 008 | 130829t xxu||||| |||| 00| 0 eng d | ||
| 050 |
_aPC 2112 _b.C864 1982 |
||
| 082 |
_aHS 914.980305 _bC83 1982 |
||
| 100 |
_aCourtillon, Janine _915190 |
||
| 245 |
_aArchipel 1 : _bunitis 1 a 7 / _cJanine Courtillon |
||
| 260 |
_aParis : _bDidier, _cc1982. |
||
| 300 |
_a191 p. : _bill. ; _c27 cm. |
||
| 650 |
_aArchipelago _xPeriodicals _916092 |
||
| 650 |
_aPeninsula _xPeriodicals. _916093 |
||
| 942 |
_2lcc _cHS |
||
| 999 |
_c9833 _d9833 |
||